[Event "AUTO-ADV-244"]
[Site "http://www.queenalice.com/game.php?id=102895"]
[Date "2006.9.5"]
[Round "1"]
[White "dstrutz"]
[Black "Bongski"]
[Result "1-0"]
[WhiteElo "1918"]
[BlackElo "1599"]

1. e4 c5 2. c3 g6 3. Nf3 Bg7 4. Qe2 d5 5. e5 Bg4 6. d4 cxd4 7. cxd4 Nc6 8. Be3
Nh6 9. Nbd2 O-O 10. h3 Bxf3 11. Nxf3 Nf5 12. g4 Nxe3 13. fxe3 Qa5+ 14. Qd2 Qxd2+
15. Nxd2 Nb4 16. Kd1 Bh6 17. a3 Nc6 18. Ke2 Rac8 19. Kd3 e6 20. Be2 f6 21. exf6
Rxf6 22. Rhf1 Rxf1 23. Rxf1 e5 24. Nb3 Re8 25. h4 1-0

[Event "AUTO-ADV-244"]
[Site "http://www.queenalice.com/game.php?id=102896"]
[Date "2006.9.5"]
[Round "1"]
[White "Bongski"]
[Black "dstrutz"]
[Result "0-1"]
[WhiteElo "1602"]
[BlackElo "1915"]

1. e4 e6 2. d4 d5 3. e5 c5 4. c3 Qb6 5. Nf3 Bd7 6. Be2 Bb5 7. O-O Bxe2 8. Qxe2
Qa6 9. Qxa6 Nxa6 10. Be3 Nh6 11. Nbd2 Nf5 12. g4 Nxe3 13. fxe3 Be7 14. Rf2 O-O
15. Raf1 cxd4 16. exd4 b5 17. a3 Nc7 18. Nb3 a5 19. g5 g6 20. h3 Kg7 21. Nc5
Bxc5 22. dxc5 Ra7 23. Nd4 Rb7 24. b4 axb4 25. axb4 Ra7 0-1

[Event "QA-ANNIV-02"]
[Site "http://www.queenalice.com/game.php?id=106453"]
[Date "2006.9.15"]
[Round "3"]
[White "dstrutz"]
[Black "popcorn"]
[Result "0-1"]
[WhiteElo "1956"]
[BlackElo "2104"]

1. e4 e5 2. Nf3 Nc6 3. d4 exd4 4. Nxd4 Bc5 5. Be3 Qf6 6. c3 Nge7 7. Bc4 Bb6 8.
O-O d6 9. Na3 a6 10. Nac2 Ne5 11. Be2 d5 12. f4 Nc4 13. Bxc4 dxc4 14. e5 Qg6 15.
Qf3 Nf5 16. Nxf5 Qxf5 17. Nd4 Bxd4 18. cxd4 O-O 19. Rac1 c6 20. Rxc4 Be6 21. Ra4
Bd5 22. Qd1 Qe4 23. Qd2 f6 24. Ra3 Rad8 25. Qf2 Rf7 26. b4 fxe5 27. dxe5 Qxb4
0-1

[Event "AUTO-MASTER-150"]
[Site "http://www.queenalice.com/game.php?id=107106"]
[Date "2006.9.17"]
[Round "2"]
[White "mett"]
[Black "dstrutz"]
[Result "0-1"]
[WhiteElo "1929"]
[BlackElo "1879"]

1. e4 e6 2. d4 d5 3. Nd2 dxe4 4. Nxe4 Bd7 5. Nf3 Bc6 6. Bd3 Nf6 7. Bg5 Be7 8.
Bxf6 Bxf6 9. c3 O-O 10. Qc2 g6 11. O-O Bg7 12. Rfe1 Nd7 13. Rad1 b5 14. Qe2 a6
15. Neg5 Qf6 16. h4 h6 17. Ne4 Bxe4 18. Bxe4 Rab8 0-1

[Event "AUTO-MASTER-150"]
[Site "http://www.queenalice.com/game.php?id=107107"]
[Date "2006.9.17"]
[Round "2"]
[White "dstrutz"]
[Black "mett"]
[Result "1-0"]
[WhiteElo "1897"]
[BlackElo "1911"]

1. e4 c5 2. c3 d6 3. Nf3 Nf6 4. Qe2 e5 5. g3 Nc6 6. Bg2 Be7 7. O-O O-O 8. d3 h6
9. b3 Be6 10. Bb2 Qd7 11. Nbd2 Bh3 12. Rfd1 Bxg2 13. Kxg2 Nh7 14. d4 f5 15. dxe5
Nxe5 16. Nxe5 dxe5 17. Nf1 Qc6 18. Qc4+ 1-0

[Event "AUTO-MASTER-150"]
[Site "http://www.queenalice.com/game.php?id=107109"]
[Date "2006.9.17"]
[Round "2"]
[White "dstrutz"]
[Black "sakhan"]
[Result "0-1"]
[WhiteElo "1921"]
[BlackElo "1767"]

1. e4 d5 2. exd5 Qxd5 3. Nc3 Qa5 4. d4 c6 5. Bc4 Nf6 6. Nf3 Bf5 7. O-O e6 8. Ne5
Bd6 9. f4 O-O 10. Kh1 Rd8 11. Bd2 Qb6 12. Ne2 Nbd7 13. Bc3 Nxe5 14. fxe5 Bxe5
15. Rxf5 exf5 16. Qf1 Bd6 17. Qxf5 Qc7 18. Rf1 Bxh2 19. Qg5 h6 20. Qh4 Bd6 21.
Rxf6 gxf6 22. Qxh6 Bf8 23. Qxf6 Bg7 24. Qg5 Rd6 25. Bd3 Rh6+ 26. Kg1 Qh2+ 27.
Kf1 Rf6+ 28. Ke1 Qh1+ 29. Kd2 Rf1 30. d5 Rd1+ 31. Ke3 Re8+ 32. Kf3 Rxd3+ 33.
cxd3 Qf1+ 34. Kg4 Qxe2+ 35. Kh3 Qe3+ 0-1

[Event "AUTO-MASTER-220"]
[Site "http://www.queenalice.com/game.php?id=119725"]
[Date "2006.10.21"]
[Round "1"]
[White "dilucia"]
[Black "dstrutz"]
[Result "1-0"]
[WhiteElo "2183"]
[BlackElo "1923"]

1. e4 e6 2. d4 d5 3. Nd2 dxe4 4. Nxe4 Bd7 5. Nf3 Bc6 6. Bd3 Nd7 7. O-O Ngf6 8.
Bg5 Be7 9. Nxf6+ Bxf6 10. Be3 O-O 11. c3 h6 12. Qe2 Bxf3 13. Qxf3 c5 14. Qe4 g6
15. Bxh6 Bg7 16. Bxg7 Kxg7 17. dxc5 Qf6 18. b4 Rab8 19. Bb5 Ne5 20. Rfe1 1-0

[Event "AUTO-MASTER-220"]
[Site "http://www.queenalice.com/game.php?id=119726"]
[Date "2006.10.21"]
[Round "1"]
[White "dstrutz"]
[Black "dilucia"]
[Result "0-1"]
[WhiteElo "1929"]
[BlackElo "2171"]

1. e4 c5 2. c3 Nf6 3. Qc2 Nc6 4. Nf3 d6 5. Be2 e5 6. O-O d5 7. exd5 Qxd5 8. b3
e4 9. Bc4 Qh5 10. Ne1 a6 11. a4 Bd6 12. f4 Bg4 13. Na3 O-O 14. d3 Bd1 15. Qf2
Be2 16. Be3 Bxf1 0-1

[Event "AUTO-MASTER-220"]
[Site "http://www.queenalice.com/game.php?id=119739"]
[Date "2006.10.21"]
[Round "1"]
[White "QuickQuickSlow"]
[Black "dstrutz"]
[Result "1/2-1/2"]
[WhiteElo "1915"]
[BlackElo "1920"]

1. e4 e6 2. d4 d5 3. Nc3 Nf6 4. e5 Ne4 5. Bd3 Nxc3 6. bxc3 c5 7. Qg4 c4 8. Be2
Nc6 9. Nf3 Ne7 10. O-O Ng6 11. h4 h5 12. Qg3 Be7 13. Ng5 Bxg5 14. Bxg5 Qc7 15.
Bd2 Qe7 16. Bg5 Qc7 17. a4 b6 18. Bc1 Qe7 19. Bg5 Qc7 20. f4 Bb7 21. f5 exf5 22.
Rxf5 Bc8 23. Rff1 Be6 24. Bf3 Rc8 25. Rfb1 Qd7 26. Rb4 Nf8 27. Bc1 Ng6 28. a5 b5
29. a6 Rb8 30. Rab1 Rb6 31. Qg5 Bg4 32. Bxg4 hxg4 33. h5 Ne7 34. Qh4 1/2-1/2

[Event "AUTO-MASTER-220"]
[Site "http://www.queenalice.com/game.php?id=119740"]
[Date "2006.10.21"]
[Round "1"]
[White "dstrutz"]
[Black "QuickQuickSlow"]
[Result "1-0"]
[WhiteElo "1902"]
[BlackElo "1944"]

1. e4 c5 2. c3 d5 3. exd5 Qxd5 4. d4 Nf6 5. Nf3 Bg4 6. Be2 e6 7. O-O Nc6 8. dxc5
Bxc5 9. Qxd5 Nxd5 10. b4 Bb6 11. h3 Bh5 12. b5 Nce7 13. c4 Nf6 14. Bb2 Rc8 15.
Nbd2 O-O 16. Rac1 Rfd8 17. Rfd1 Nd7 18. Ne4 Nc5 19. Nxc5 Bxc5 20. Kf1 f6 21. g4
Bf7 22. Rxd8+ Rxd8 23. Ne1 e5 24. Nd3 Bd4 25. Ba3 Ng6 26. Ke1 e4 27. Nc5 Bxc5
28. Bxc5 b6 29. Be3 Ne5 30. a4 Rc8 31. c5 bxc5 32. Rxc5 1-0

[Event "AUTO-MASTER-220"]
[Site "http://www.queenalice.com/game.php?id=119749"]
[Date "2006.10.21"]
[Round "1"]
[White "dstrutz"]
[Black "CPereira"]
[Result "0-1"]
[WhiteElo "1917"]
[BlackElo "1941"]

1. e4 c5 2. c3 Nc6 3. d4 d5 4. e5 Bf5 5. g4 Bg6 6. Ne2 e6 7. Nf4 cxd4 8. cxd4
Be4 9. Rg1 Qb6 10. f3 Bxb1 11. Rxb1 Nxd4 12. Qa4+ Nc6 13. Rg2 Bb4+ 14. Kd1 Ne7
15. Bb5 O-O 16. a3 Qd4+ 17. Bd2 Bxd2 18. Rxd2 Qg1+ 19. Kc2 Qc5+ 20. Kd1 Nxe5 0-1

[Event "AUTO-MASTER-220"]
[Site "http://www.queenalice.com/game.php?id=119750"]
[Date "2006.10.21"]
[Round "1"]
[White "CPereira"]
[Black "dstrutz"]
[Result "1-0"]
[WhiteElo "1924"]
[BlackElo "1946"]

1. e4 e6 2. d4 d5 3. Nd2 dxe4 4. Nxe4 Bd7 5. Nf3 Bc6 6. Bd3 Nd7 7. O-O Ngf6 8.
Qe2 Be7 9. c4 O-O 10. Bf4 h6 11. Nc3 a6 12. Rad1 Qc8 13. d5 exd5 14. Qxe7 1-0

[Event "AUTO-MASTER-227"]
[Site "http://www.queenalice.com/game.php?id=128545"]
[Date "2006.11.12"]
[Round "1"]
[White "dstrutz"]
[Black "Konig"]
[Result "0-1"]
[WhiteElo "1921"]
[BlackElo "1994"]

1. e4 Nc6 2. f4 e5 3. Nf3 d6 4. Bc4 Be7 5. O-O exf4 6. d4 Nf6 7. Nc3 O-O 8. Bxf4
a6 9. a4 Nb4 10. h3 Nh5 0-1

[Event "AUTO-MASTER-227"]
[Site "http://www.queenalice.com/game.php?id=128547"]
[Date "2006.11.12"]
[Round "1"]
[White "dstrutz"]
[Black "vila1"]
[Result "0-1"]
[WhiteElo "1921"]
[BlackElo "1993"]

1. e4 c5 2. c3 d6 3. f4 Nd7 4. Nf3 g6 5. d4 Bg7 6. Be2 a6 7. O-O e6 8. a4 b6 9.
Be3 Bb7 10. Nbd2 Ne7 11. Qe1 O-O 12. Qg3 f5 0-1